| 000 | 01008pam a2200349 a 4500 | ||
|---|---|---|---|
| 001 | 2025 | ||
| 003 | FISK9780516460345H | ||
| 005 | 20250821131441.0 | ||
| 008 | 940915s1995 ilua j 001 0 eng | ||
| 010 | _a 94035628 | ||
| 020 | _a0516060341 | ||
| 020 | _a9780516460345 | ||
| 040 |
_aDLC _cDLC _dDLC _beng |
||
| 042 | _alcac | ||
| 050 | 0 | 0 |
_aQC753.7 _b.F69 1995 |
| 082 | 0 | 0 |
_a538 _220 |
| 100 | 1 | _aFowler, Allan. | |
| 245 | 1 | 0 |
_aWhat magnets can do / _cby Allan Fowler |
| 260 |
_aChicago : _bChildrens Press, _c1995. |
||
| 300 |
_a31 pages : _bcolor illustrations ; _c18 cm |
||
| 440 | 0 | _aRookie read-about science | |
| 505 | _aN | ||
| 520 | _aA simple description of what magnets are and how they work. | ||
| 521 | 8 |
_a580
_bLexile |
|
| 521 | 8 |
_aN
_bRaz-Plus |
|
| 650 | 0 |
_aMagnetism _xJuvenile literature. |
|
| 650 | 0 |
_aMagnets _xJuvenile literature. |
|
| 650 | 1 | _aMagnetism. | |
| 650 | 1 | _aMagnets. | |
| 906 |
_a7 _bcbc _corignew _d1 _eocip _f19 _gy-gencatlg |
||
| 942 |
_2ddc _cBK _n0 |
||
| 999 |
_c2025 _d2025 |
||